000 00269nam a22001217a 4500
008 170825b 9780805838640 xxu||||| |||| 00| 0 eng d
041 _aeng
080 _22ND
_a070
100 _a39
101 _aMED
245 _aMEDIA EFFECTS
_cBRYANT,J
942 _2udc
_cBK
999 _c25112
_d25112